000 00663aam a2200265 4500
005 20250820155235.0
008 150527b1998 xxu||||| |||| 00| 0 spa d
020 _a9506793115
041 _aESP
082 _a362.829.2 V795v
245 _aViolencia familiar y abuso sexual
260 _aArgentina
260 _bUniversidad
260 _c1998
300 _a334 pƔginas
490 _aInvestigación Criminal
650 _aVIOLENCIA FAMILIAR
650 _aVIOLENCIA INTRAFAMILIAR
650 _aABUSO SEXUAL
650 _aMALTRATO DE ANCIANOS
650 _aTRABAJO SOCIAL
650 _aMALTRATO INFANTIL
650 _aVICTIMAS
942 _cBK
_2ddc
999 _c6048
_d6048